[Regionálna spolupráca v cestovnom ruchu]

V monografii Regionálna spolupráca v cestovnom ruchu, ktorú spracovala A. Konečná sa cielená regionálna politika sústreďuje nielen na harmonický rast regiónu, al aj na vnútroregionálnu a medziregionálnu spoluprácu. Monografia je koncipovaná do jednotlivých kapitol v duchu vedeckých a pedagogických z...

Descripción completa

Guardado en:
Detalles Bibliográficos
Autor principal: Eliašová, Darina
Formato: Capítulo de libro
Lenguaje:eslovaco
Materias:
Etiquetas: Agregar Etiqueta
Sin Etiquetas, Sea el primero en etiquetar este registro!

MARC

LEADER 00000naa$a2200000$$$4500
001 0023519
005 20230808081611.3
041 0 |a slo 
044 |a SK 
245 1 0 |a [Regionálna spolupráca v cestovnom ruchu]  |c Darina Eliašová 
520 |a V monografii Regionálna spolupráca v cestovnom ruchu, ktorú spracovala A. Konečná sa cielená regionálna politika sústreďuje nielen na harmonický rast regiónu, al aj na vnútroregionálnu a medziregionálnu spoluprácu. Monografia je koncipovaná do jednotlivých kapitol v duchu vedeckých a pedagogických zásad: 1. Región cestovného ruchu. 2. Spolupráca v regióne cestovného ruchu. 3. Kooperačný manažment v regióne cestovného ruchu. 4. Cezhraničná spolupráca. 5. Koncepcia rozvoja cestovného ruchu v regióne CR. 6. Podpora rozvoja regionálnej spolupráce v cestovnom ruchu. 
610 2 0 |a recenzie 
610 2 0 |a ruch cestovný 
610 2 0 |a politika regionálna 
610 2 0 |a regióny 
100 1 |a Eliašová, Darina